000 00284nam a22001337a 4500
003 SGT
020 _a9781138560703
082 _a777.7
_bJON
100 _aJONES STEWART
245 _aDIGITAL CREATURE RIGGING
260 _aUK
_bCRC PRESS
_c2019
300 _a159
942 _2ddc
_cBK
999 _c34681
_d34681